| 000 | 00568nam a2200217Ia 4500 | ||
|---|---|---|---|
| 003 | OSt | ||
| 005 | 20220928151038.0 | ||
| 006 | a|||||r|||| 00| 0 | ||
| 007 | ta | ||
| 008 | 220927b |||||||| |||| 00| 0 eng d | ||
| 024 | _a108428 | ||
| 037 | _cTextual | ||
| 040 |
_aSDCL _cSDCL _beng |
||
| 041 |
_2eng _aeng |
||
| 082 | _aO-jNAM, M1 | ||
| 100 |
_aLipking Lawrence Ed. _9516312 |
||
| 245 | 0 |
_aHigh romantic argument _b Essays from M.H. Abrams |
|
| 260 | _c1981 | ||
| 942 |
_hO-jNAM, M1 _cTEXL _2CC |
||
| 999 |
_c848381 _d848381 |
||